MARC

LEADER 00000nam0a2200000 4500
001 111628
005 20231101215016.0
035 |a (RuTPU)RU\TPU\book\120561 
090 |a 111628 
100 |a 20070319d1981 m y0rusy50 ca 
101 0 |a rus 
102 |a RU 
105 |a a j 000zy 
200 1 |a Методические указания по санитарно-микробиологическому исследованию почвы  |f Министерство здравоохранения СССР, Главное санитарно-эпидемиологическое управление 
210 |a Москва  |c [Б. и.]  |d 1981 
215 |a 13 с. 
610 1 |a методические указания 
610 1 |a почва 
610 1 |a исследование 
610 1 |a санитарно-микробиологический контроль 
610 1 |a загрязнение 
675 |a 631.4  |v 3 
712 0 2 |a Министерство здравоохранения СССР  |2 stltpush  |3 (RuTPU)RU\TPU\col\9522  |9 24702 
712 0 2 |a Главное санитарно-эпидемиологическое управление  |2 stltpush  |3 (RuTPU)RU\TPU\col\9523  |9 24703 
801 1 |a RU  |b 63413507  |c 20070319  |g PSBO 
801 2 |a RU  |b 63413507  |c 20070328  |g PSBO 
942 |c BK